01121nam a2200277Ia 4500001001200000003000800012006001900020007001500039008004100054020005200095040002100147035002000168050002600188100002200214245010600236260004800342300002400390500002000414533015200434630004200586650002600628655002900654710001700683856012600700999001700826ebr10061211CaPaEBRm u cr cn|||||||||030808s2004 maua gs 001 0 eng d z1584502460 (Paperback with CD-ROM : alk. paper) aCaPaEBRcCaPaEBR a(OCoLC)7072192314aQA76.758b.G75 2004eb1 aGross, Christian.10aApplied software engineering using Apache Jakarta Commonsh[electronic resource] /cChristian Gross. aHingham, MA :bCharles River Media,cc2004. axvi, 416 p. :bill. aIncludes index. aElectronic reproduction.bPalo Alto, Calif. :cebrary,d2009.nAvailable via World Wide Web.nAccess may be limited to ebrary affiliated libraries.00aApache (Computer file : Apache Group) 0aSoftware engineering. 7aElectronic books.2local2 aebrary, Inc.40uhttp://site.ebrary.com/lib/rucke/Doc?id=10061211zAn electronic book accessible through the World Wide Web; click to view c46763d46763